[Event "SD-2021-0-00317"]
[Site "LSS email"]
[Date "2021.02.07"]
[Round "?"]
[White "Ramakrishnan, Ramesh"]
[Black "Nowak, Andrzej"]
[Result "0-1"]
[WhiteElo "1565"]
[BlackElo "1587"]
[PlyCount "38"]
[EventDate "2020.09.13"]
[EventType "tourn (corr)"]
[EventRounds "6"]
[EventCountry "GER"]
[SourceTitle "Corr 2024"]
[Source "ChessBase"]
[SourceDate "2023.10.19"]
[SourceVersion "1"]
[SourceVersionDate "2023.10.19"]
[SourceQuality "1"]

1. d4 Nf6 2. c4 e6 3. Nf3 d5 4. Nc3 dxc4 5. e4 b5 6. e5 Nd5 7. Nxb5 Nb6 8. Be2 Be7 9. 0-0 Nc6 10. Be3 0-0 11. Rc1 Nb4 12. a3 N4d5 13. Bxc4 Nxc4 14. Rxc4 Qd7 15. a4 c6 16. Na3 Ba6 17. Qc2 Rab8 18. Rc1 Qb7 19. Rxc6 Nb4 0-1

[Event "OP-2021-0-05089"]
[Site "LSS email"]
[Date "2021.01.25"]
[Round "?"]
[White "Ramakrishnan, Ramesh"]
[Black "Whaley, Michael"]
[Result "0-1"]
[WhiteElo "1565"]
[BlackElo "800"]
[PlyCount "48"]
[EventDate "2021.01.25"]
[EventType "tourn (corr)"]
[EventRounds "4"]
[EventCountry "GER"]
[SourceTitle "Corr 2024"]
[Source "ChessBase"]
[SourceDate "2023.10.19"]
[SourceVersion "1"]
[SourceVersionDate "2023.10.19"]
[SourceQuality "1"]

1. e4 e5 2. Nf3 Nc6 3. Bb5 a6 4. Ba4 Nf6 5. d3 b5 6. Bb3 Bc5 7. 0-0 d6 8. c3 h6 9. a4 Rb8 10. Nbd2 0-0 11. Re1 Bb6 12. Nf1 Ne7 13. Ng3 Ng6 14. d4 Bg4 15. Be3 Nh4 16. dxe5 Nd7 17. Bxb6 Nxe5 18. Re3 Rxb6 19. h3 Bxf3 20. gxf3 bxa4 21. Bxa4 Nc4 22. Re1 Nxb2 23. Qe2 Nxa4 24. Rxa4 Qd7 0-1

[Event "RC-2020-0-00241"]
[Site "LSS email"]
[Date "2020.04.14"]
[Round "?"]
[White "Brayman, Neal Zvi"]
[Black "Ramakrishnan, Ramesh"]
[Result "1/2-1/2"]
[WhiteElo "1724"]
[BlackElo "1684"]
[PlyCount "47"]
[EventDate "2019.12.12"]
[EventType "tourn (corr)"]
[EventRounds "6"]
[EventCountry "GER"]
[SourceTitle "Corr 2022"]
[Source "ChessBase"]
[SourceDate "2021.10.24"]
[SourceVersion "1"]
[SourceVersionDate "2021.10.24"]
[SourceQuality "1"]

1. e4 c5 2. Nf3 Nc6 3. d4 cxd4 4. Nxd4 e5 5. Nb5 d6 6. N1c3 a6 7. Na3 Be7 8. Nc4 b5 9. Ne3 Nf6 10. Bd3 0-0 11. 0-0 Rb8 12. Ncd5 Nxd5 13. Nxd5 Bg5 14. a4 Bxc1 15. axb5 axb5 16. Qxc1 Be6 17. Qd2 g6 18. Ra6 Bxd5 19. exd5 Ne7 20. Rfa1 Qc7 21. Ra7 Rb7 22. R7a5 Rfb8 23. c3 Kg7 24. g3 1/2-1/2

[Event "OP-2020-0-04957"]
[Site "LSS email"]
[Date "2020.04.12"]
[Round "?"]
[White "Ramakrishnan, Ramesh"]
[Black "Bieszk, Stanislaw"]
[Result "1-0"]
[WhiteElo "1682"]
[BlackElo "832"]
[PlyCount "47"]
[EventDate "2020.04.08"]
[EventType "tourn (corr)"]
[EventRounds "4"]
[EventCountry "GER"]
[SourceTitle "Corr 2022"]
[Source "ChessBase"]
[SourceDate "2021.10.24"]
[SourceVersion "1"]
[SourceVersionDate "2021.10.24"]
[SourceQuality "1"]

1. d4 Nf6 2. Nf3 d5 3. g3 g6 4. Bg2 Bg7 5. 0-0 0-0 6. c4 e6 7. Nc3 dxc4 8. Qa4 Nd5 9. Qxc4 c6 10. Bg5 Bf6 11. Bxf6 Qxf6 12. e4 Nxc3 13. bxc3 Nd7 14. a4 a5 15. Rfb1 e5 16. Ra2 Re8 17. Re2 exd4 18. cxd4 Qe6 19. Qc3 Nf6 20. Ne5 Nd7 21. Nc4 Nf6 22. Nb6 Ra6 23. Nc4 Nxe4 24. Rxe4 1-0

[Event "OP-2020-0-04957"]
[Site "LSS email"]
[Date "2020.04.12"]
[Round "?"]
[White "Ramakrishnan, Ramesh"]
[Black "Dlugolecki, Grzegorz"]
[Result "0-1"]
[WhiteElo "1682"]
[BlackElo "1830"]
[PlyCount "58"]
[EventDate "2020.04.08"]
[EventType "tourn (corr)"]
[EventRounds "4"]
[EventCountry "GER"]
[SourceTitle "Corr 2022"]
[Source "ChessBase"]
[SourceDate "2021.10.24"]
[SourceVersion "1"]
[SourceVersionDate "2021.10.24"]
[SourceQuality "1"]

1. d4 Nf6 2. Nf3 d5 3. g3 c5 4. Bg2 cxd4 5. 0-0 h6 6. b3 e6 7. Bb2 Be7 8. Nxd4 e5 9. Nf3 Nc6 10. Nxe5 0-0 11. Nd2 Nxe5 12. Bxe5 Bg4 13. h3 Be6 14. Nf3 Qd7 15. Kh2 Bf5 16. Nd4 Bg6 17. f4 Rac8 18. f5 Bh7 19. Qd2 Bd8 20. g4 Re8 21. Bf4 h5 22. Kg3 Ne4+ 23. Bxe4 Rxe4 24. Rad1 Qe7 25. Rf2 hxg4 26. hxg4 Qh4+ 27. Kf3 Bg5 28. Rh2 Rc3+ 29. Qxc3 Rxf4+ 0-1

[Event "OP-2020-0-04956"]
[Site "LSS email"]
[Date "2020.04.09"]
[Round "?"]
[White "Reinecke, Juergen"]
[Black "Ramakrishnan, Ramesh"]
[Result "0-1"]
[WhiteElo "1314"]
[BlackElo "1682"]
[PlyCount "38"]
[EventDate "2020.04.06"]
[EventType "tourn (corr)"]
[EventRounds "4"]
[EventCountry "GER"]
[SourceTitle "Corr 2022"]
[Source "ChessBase"]
[SourceDate "2021.10.24"]
[SourceVersion "1"]
[SourceVersionDate "2021.10.24"]
[SourceQuality "1"]

1. e4 c5 2. Nf3 Nc6 3. d4 cxd4 4. Nxd4 e5 5. Nb5 d6 6. N1c3 a6 7. Na3 Be7 8. Be3 Nf6 9. Nd5 Nxd5 10. exd5 Nd4 11. Bxd4 exd4 12. Qxd4 0-0 13. c3 Bf6 14. Qd3 Re8+ 15. Be2 Bg4 16. f3 Bh5 17. 0-0 Qb6+ 18. Kh1 Qxb2 19. Nc2 Bg6 0-1

[Event "SC-2017-0-00333"]
[Site "LSS email"]
[Date "2017.10.13"]
[Round "?"]
[White "Dogan, Ahmet"]
[Black "Ramakrishnan, Ramesh"]
[Result "1-0"]
[WhiteElo "1736"]
[BlackElo "1737"]
[PlyCount "55"]
[EventDate "2017.07.30"]
[EventType "tourn (corr)"]
[EventRounds "6"]
[EventCountry "GER"]
[SourceTitle "Corr 2022"]
[Source "ChessBase"]
[SourceDate "2021.10.24"]
[SourceVersion "1"]
[SourceVersionDate "2021.10.24"]
[SourceQuality "1"]

1. d4 Nf6 2. Nf3 e6 3. c4 d5 4. Nc3 Be7 5. Bg5 h6 6. Bxf6 Bxf6 7. e3 0-0 8. Qb3 c6 9. Be2 Nd7 10. 0-0 dxc4 11. Bxc4 e5 12. d5 b5 13. Be2 Nc5 14. Qa3 Na6 15. Ne4 cxd5 16. Nxf6+ Qxf6 17. Bxb5 Nc7 18. Be2 Bb7 19. Qc3 e4 20. Qxf6 gxf6 21. Nd4 Ne6 22. Nf5 Kh7 23. Rac1 Rfd8 24. Rfd1 Rac8 25. Bg4 Rxc1 26. Rxc1 Rd7 27. h4 Kg6 28. Ng3 1-0

[Event "SC-2017-0-00333"]
[Site "LSS email"]
[Date "2017.10.13"]
[Round "?"]
[White "Ramakrishnan, Ramesh"]
[Black "Madrid Sole, Antonio"]
[Result "0-1"]
[WhiteElo "1737"]
[BlackElo "1841"]
[PlyCount "66"]
[EventDate "2017.07.30"]
[EventType "tourn (corr)"]
[EventRounds "6"]
[EventCountry "GER"]
[SourceTitle "Corr 2022"]
[Source "ChessBase"]
[SourceDate "2021.10.24"]
[SourceVersion "1"]
[SourceVersionDate "2021.10.24"]
[SourceQuality "1"]

1. d4 d5 2. c4 e6 3. Nc3 f5 4. Bf4 c6 5. Nf3 Nf6 6. e3 Bd6 7. Bd3 0-0 8. 0-0 Ne4 9. Rc1 b6 10. Qe2 Bb7 11. Rfd1 Bxf4 12. exf4 Nd7 13. Ne5 Qe7 14. f3 Nxe5 15. fxe5 Nxc3 16. Rxc3 dxc4 17. Bxc4 Rad8 18. Bb3 Rd7 19. Qc4 Re8 20. g3 f4 21. Kg2 g6 22. Qe2 fxg3 23. hxg3 Red8 24. Qc4 Re8 25. Rcc1 Qg5 26. Rc2 h5 27. Rh1 Rf7 28. Rf2 c5 29. Qe2 cxd4 30. Rd1 h4 31. Rxd4 Qxg3+ 32. Kf1 Bxf3 33. Qd3 Bg2+ 0-1

[Event "OP-2017-0-04386"]
[Site "LSS email"]
[Date "2017.07.09"]
[Round "?"]
[White "Palla, Vit"]
[Black "Ramakrishnan, Ramesh"]
[Result "0-1"]
[WhiteElo "1195"]
[BlackElo "1738"]
[PlyCount "50"]
[EventDate "2017.07.05"]
[EventType "tourn (corr)"]
[EventRounds "4"]
[EventCountry "GER"]
[SourceTitle "Corr 2022"]
[Source "ChessBase"]
[SourceDate "2021.10.24"]
[SourceVersion "1"]
[SourceVersionDate "2021.10.24"]
[SourceQuality "1"]

1. d4 Nf6 2. Nf3 e6 3. Bf4 d5 4. c3 c5 5. e3 Nc6 6. Nbd2 Bd6 7. Bxd6 Qxd6 8. Bb5 Bd7 9. 0-0 0-0 10. dxc5 Qxc5 11. a4 a6 12. Bd3 Rfd8 13. e4 dxe4 14. Nxe4 Nxe4 15. Bxe4 h6 16. Qe2 Rac8 17. Rfd1 Be8 18. Rxd8 Rxd8 19. g3 Qd6 20. Kg2 Qc7 21. Rd1 Rd6 22. Rxd6 Qxd6 23. b4 f5 24. Bd3 Bh5 25. Bc4 Ne5 0-1

[Event "OP-2016-0-04206"]
[Site "LSS email"]
[Date "2016.11.11"]
[Round "?"]
[White "Pauk, Jozef"]
[Black "Ramakrishnan, Ramesh"]
[Result "0-1"]
[WhiteElo "793"]
[BlackElo "1766"]
[PlyCount "58"]
[EventDate "2016.11.05"]
[EventType "tourn (corr)"]
[EventRounds "4"]
[EventCountry "GER"]
[SourceTitle "Corr 2022"]
[Source "ChessBase"]
[SourceDate "2021.10.24"]
[SourceVersion "1"]
[SourceVersionDate "2021.10.24"]
[SourceQuality "1"]

1. e4 e5 2. d3 Nf6 3. Bg5 Nc6 4. Nf3 Bc5 5. c3 h6 6. Be3 d6 7. Bxc5 dxc5 8. Nh4 0-0 9. Nd2 Bg4 10. f3 Be6 11. Nf5 Qd7 12. Nc4 Bxf5 13. exf5 Qxf5 14. Ne3 Qe6 15. h3 Rad8 16. g4 e4 17. fxe4 Nxe4 18. Qf3 Ng5 19. Qe2 Ne5 20. 0-0-0 Qxa2 21. Qc2 Rfe8 22. Bg2 Qa1+ 23. Kd2 Qa6 24. Ke2 Qe6 25. Be4 Nxd3 26. Bxd3 Qxe3+ 27. Kf1 Qf3+ 28. Kg1 Rxd3 29. Qxd3 Re1+ 0-1

[Event "OP-2016-0-03947"]
[Site "LSS email"]
[Date "2016.02.02"]
[Round "?"]
[White "Ramakrishnan, Ramesh"]
[Black "Firnhaber, Ingo"]
[Result "0-1"]
[WhiteElo "1902"]
[BlackElo "2416"]
[PlyCount "70"]
[EventDate "2016.01.28"]
[EventType "tourn (corr)"]
[EventRounds "4"]
[EventCountry "GER"]
[SourceTitle "Corr 2022"]
[Source "ChessBase"]
[SourceDate "2021.10.24"]
[SourceVersion "1"]
[SourceVersionDate "2021.10.24"]
[SourceQuality "1"]

1. d4 Nf6 2. c4 e6 3. Nf3 b6 4. g3 Ba6 5. Qc2 c5 6. d5 exd5 7. cxd5 Bb7 8. Bg2 Nxd5 9. 0-0 Be7 10. Rd1 Nc6 11. a3 Nc7 12. Bf4 Ne6 13. e3 Nxf4 14. gxf4 d6 15. Nc3 Qd7 16. Rd2 0-0 17. Rad1 Rad8 18. Nd5 f5 19. Ne5 Nxe5 20. fxe5 Bxd5 21. Bxd5+ Kh8 22. e6 Qe8 23. f4 Rc8 24. a4 Qh5 25. Kh1 c4 26. Rf1 Rc5 27. Rd4 Bf6 28. Bf3 Qh3 29. Bg2 Qxe3 30. Rxd6 Re8 31. Qd1 Rxe6 32. Rxe6 Qxe6 33. Re1 Qf7 34. Bd5 Rxd5 35. Qxd5 Qxd5+ 0-1

[Event "Penang op 7th"]
[Site "Penang"]
[Date "2015.12.09"]
[Round "4"]
[White "Ramakrishnan, Ramesh"]
[Black "Marohom, De Leon Jr"]
[Result "1-0"]
[WhiteElo "1864"]
[BlackElo "2249"]
[PlyCount "67"]
[EventDate "2015.12.07"]
[EventType "swiss"]
[EventRounds "9"]
[EventCountry "MAS"]
[SourceTitle "CBM 169 Extra"]
[Source "ChessBase"]
[SourceDate "2015.12.18"]
[SourceVersion "1"]
[SourceVersionDate "2015.12.18"]
[SourceQuality "1"]

1. d4 Nf6 2. c4 c6 3. Nc3 d5 4. e3 a6 5. a4 Bf5 6. Nf3 e6 7. Be2 dxc4 8. Bxc4 Bb4 9. 0-0 Nbd7 10. Qb3 a5 11. h3 Ne4 12. Rd1 0-0 13. Na2 Be7 14. Ne1 Nd6 15. Bd3 Rb8 16. Nc3 b5 17. e4 Bg6 18. e5 Nf5 19. Nf3 Qb6 20. axb5 Nxd4 21. Nxd4 Nc5 22. Qc2 Nxd3 23. Nxc6 Bh4 24. Rxd3 Bxd3 25. Qxd3 Qxf2+ 26. Kh2 Rbc8 27. Qe3 Qf1 28. Qe2 Qf5 29. Qg4 Qxg4 30. hxg4 Kh8 31. Ne4 Bd8 32. Be3 Bc7 33. Bc5 f5 34. Bxf8 1-0

[Event "SB-2015-0-00425"]
[Site "LSS email"]
[Date "2015.10.05"]
[Round "?"]
[White "Ramakrishnan, Ramesh"]
[Black "Knoeppel, Bjoern"]
[Result "0-1"]
[WhiteElo "1961"]
[BlackElo "1907"]
[PlyCount "40"]
[EventDate "2015.08.22"]
[EventType "tourn (corr)"]
[EventRounds "6"]
[EventCountry "GER"]
[SourceTitle "Corr 2022"]
[Source "ChessBase"]
[SourceDate "2021.10.24"]
[SourceVersion "1"]
[SourceVersionDate "2021.10.24"]
[SourceQuality "1"]

1. d4 e6 2. c4 Bb4+ 3. Bd2 a5 4. Nc3 d6 5. Nf3 Nf6 6. Qc2 Nbd7 7. b3 b6 8. e4 Bb7 9. Bd3 e5 10. 0-0 0-0 11. a3 exd4 12. axb4 dxc3 13. Bxc3 axb4 14. Bxb4 Nc5 15. Nd2 Rxa1 16. Rxa1 Ng4 17. f3 Qg5 18. fxg4 Qe3+ 19. Kh1 Nxd3 20. Nf1 Nf2+ 0-1

[Event "BI-2015-P-0000"]
[Site "LSS email"]
[Date "2015.04.16"]
[Round "?"]
[White "Egorov, Vladimir Al"]
[Black "Ramakrishnan, Ramesh"]
[Result "1-0"]
[WhiteElo "2361"]
[BlackElo "1944"]
[PlyCount "73"]
[EventDate "2015.04.22"]
[EventType "tourn (corr)"]
[EventRounds "10"]
[EventCountry "GER"]
[SourceTitle "Corr 2022"]
[Source "ChessBase"]
[SourceDate "2021.10.24"]
[SourceVersion "1"]
[SourceVersionDate "2021.10.24"]
[SourceQuality "1"]

1. d4 e6 2. c4 Nf6 3. Nf3 Bb4+ 4. Bd2 Bxd2+ 5. Qxd2 0-0 6. Nc3 d5 7. e3 Qe7 8. cxd5 exd5 9. Bd3 c6 10. 0-0 Nbd7 11. Rfe1 Ne4 12. Qc2 Ndf6 13. Ne5 Nxc3 14. bxc3 h6 15. c4 Be6 16. cxd5 Nxd5 17. Bh7+ Kh8 18. Be4 Rfc8 19. f4 Nf6 20. Bf3 Nd7 21. Nd3 Qd6 22. Rac1 Rab8 23. Qc3 f5 24. Ne5 Nf6 25. a4 Kg8 26. Qd3 Nd5 27. a5 c5 28. Qa3 b6 29. Red1 Qf8 30. dxc5 Nf6 31. Ng6 Qe8 32. cxb6 Qxg6 33. bxa7 Ra8 34. Rxc8+ Rxc8 35. a8Q Rxa8 36. Bxa8 Ne4 37. a6 1-0

[Event "BI-2015-P-0000"]
[Site "LSS email"]
[Date "2015.04.16"]
[Round "?"]
[White "Gazen, Louis"]
[Black "Ramakrishnan, Ramesh"]
[Result "1-0"]
[WhiteElo "1897"]
[BlackElo "1944"]
[PlyCount "45"]
[EventDate "2015.04.22"]
[EventType "tourn (corr)"]
[EventRounds "10"]
[EventCountry "GER"]
[SourceTitle "Corr 2022"]
[Source "ChessBase"]
[SourceDate "2021.10.24"]
[SourceVersion "1"]
[SourceVersionDate "2021.10.24"]
[SourceQuality "1"]

1. e4 e5 2. Nf3 Nc6 3. Bb5 a6 4. Bxc6 dxc6 5. 0-0 Qf6 6. d4 exd4 7. Bg5 Qd6 8. Nxd4 Be7 9. Be3 Nf6 10. f3 0-0 11. Nd2 c5 12. Nc4 Qd8 13. Ne2 b6 14. Bf2 Bb7 15. Nf4 Qxd1 16. Raxd1 Rfd8 17. Ne3 Rxd1 18. Rxd1 Rd8 19. Rxd8+ Bxd8 20. Bh4 Be7 21. Nf5 Kf8 22. Nxe7 Kxe7 23. e5 1-0

[Event "BI-2015-P-0000"]
[Site "LSS email"]
[Date "2015.04.16"]
[Round "?"]
[White "Ramakrishnan, Ramesh"]
[Black "Zimmermann, Matthias"]
[Result "0-1"]
[WhiteElo "1944"]
[BlackElo "1836"]
[PlyCount "78"]
[EventDate "2015.04.22"]
[EventType "tourn (corr)"]
[EventRounds "10"]
[EventCountry "GER"]
[SourceTitle "Corr 2022"]
[Source "ChessBase"]
[SourceDate "2021.10.24"]
[SourceVersion "1"]
[SourceVersionDate "2021.10.24"]
[SourceQuality "1"]

1. d4 Nf6 2. c4 c5 3. d5 b5 4. cxb5 a6 5. bxa6 g6 6. Nc3 Bxa6 7. e4 Bxf1 8. Kxf1 d6 9. Nf3 Bg7 10. g3 0-0 11. Kg2 Nbd7 12. a4 Qb6 13. Qc2 Qb4 14. Bd2 Rfb8 15. Rab1 Qb3 16. Rhc1 Ne8 17. Qd3 Rxa4 18. Bg5 Ne5 19. Nxe5 Bxe5 20. Qe2 Ra7 21. Be3 Rab7 22. Bd2 Nf6 23. Nd1 Qa4 24. Rc4 Qa6 25. Bc3 Bxc3 26. Nxc3 Rxb2 27. Rxb2 Rxb2 28. Qxb2 Qxc4 29. f3 Nd7 30. Ne2 Ne5 31. Qd2 h5 32. Kf2 f6 33. Nf4 Qb3 34. Qe3 Qd1 35. Kg2 g5 36. Nxh5 c4 37. h4 c3 38. Qxc3 Qe2+ 39. Kh1 Qf1+ 0-1

[Event "OP-2015-0-03641"]
[Site "LSS email"]
[Date "2015.02.06"]
[Round "?"]
[White "Firnhaber, Ingo"]
[Black "Ramakrishnan, Ramesh"]
[Result "1-0"]
[WhiteElo "2419"]
[BlackElo "1944"]
[PlyCount "81"]
[EventDate "2015.02.02"]
[EventType "tourn (corr)"]
[EventRounds "4"]
[EventCountry "GER"]
[SourceTitle "Corr 2022"]
[Source "ChessBase"]
[SourceDate "2021.10.24"]
[SourceVersion "1"]
[SourceVersionDate "2021.10.24"]
[SourceQuality "1"]

1. e4 e5 2. Nf3 Nc6 3. Bb5 a6 4. Ba4 Nf6 5. 0-0 Be7 6. Re1 b5 7. Bb3 d6 8. c3 0-0 9. h3 Na5 10. Bc2 c5 11. d4 Nd7 12. Nbd2 exd4 13. cxd4 Nc6 14. d5 Nce5 15. a4 Bb7 16. Nxe5 Nxe5 17. f4 Nd7 18. Nf3 Re8 19. axb5 axb5 20. Rxa8 Bxa8 21. b4 cxb4 22. Bd2 Bf6 23. Bxb4 Qb6+ 24. Kh2 g6 25. Qd2 Bg7 26. Bb1 Qb8 27. Ng5 h6 28. Nf3 Qb6 29. Bd3 Nf6 30. Ba3 Bb7 31. Qb4 Bf8 32. Bb2 Bg7 33. Bd4 Qc7 34. Qxb5 Rb8 35. Bxf6 Bxf6 36. Rb1 Bc3 37. Qb3 Qa5 38. Ba6 Qxa6 39. Qxc3 Rc8 40. Qf6 Rc2 41. Nh4 1-0

[Event "Penang op 6th"]
[Site "Penang"]
[Date "2014.12.12"]
[Round "9"]
[White "Ramakrishnan, Ramesh"]
[Black "Capel, Evan Timothy"]
[Result "0-1"]
[WhiteElo "1839"]
[BlackElo "2095"]
[PlyCount "36"]
[EventDate "2014.12.08"]
[EventType "swiss"]
[EventRounds "9"]
[EventCountry "MAS"]
[SourceTitle "CBM 163 Extra"]
[Source "ChessBase"]
[SourceDate "2014.12.23"]
[SourceVersion "1"]
[SourceVersionDate "2014.12.23"]
[SourceQuality "1"]

1. d4 Nf6 2. c4 c5 3. d5 b5 4. cxb5 a6 5. bxa6 g6 6. Nc3 Bxa6 7. e4 Bxf1 8. Kxf1 d6 9. g3 Bg7 10. Kg2 0-0 11. Nf3 Nbd7 12. a4 Qa5 13. Qe2 Rab8 14. Nb5 Rxb5 15. Bd2 Rxb2 16. Qe1 Qa6 17. Ra3 Qc4 18. Rc3 Qxe4 0-1

[Event "Penang op 6th"]
[Site "Penang"]
[Date "2014.12.10"]
[Round "4"]
[White "Teoh, Ern Sheng"]
[Black "Ramakrishnan, Ramesh"]
[Result "0-1"]
[WhiteElo "1591"]
[BlackElo "1839"]
[PlyCount "66"]
[EventDate "2014.12.08"]
[EventType "swiss"]
[EventRounds "9"]
[EventCountry "MAS"]
[SourceTitle "CBM 163 Extra"]
[Source "ChessBase"]
[SourceDate "2014.12.23"]
[SourceVersion "1"]
[SourceVersionDate "2014.12.23"]
[SourceQuality "1"]

1. e4 e5 2. c4 Nc6 3. Nc3 Bc5 4. g3 Nge7 5. Bg2 d6 6. Nge2 Bg4 7. d3 Nd4 8. 0-0 Nf3+ 9. Kh1 h5 10. Qa4+ b5 11. cxb5 h4 12. h3 hxg3 13. fxg3 Qd7 14. b6 c6 15. b7 Rb8 16. d4 exd4 17. Nd5 d3 18. Nec3 d2 19. Nxe7 Kxe7 20. Bxf3 Bxf3+ 21. Rxf3 dxc1Q+ 22. Rxc1 g5 23. Nd5+ Kd8 24. Rxc5 Qxh3+ 25. Kg1 Qh1+ 26. Kf2 Rh2+ 27. Ke3 Qe1+ 28. Kd3 Rd2+ 29. Kc4 Qxe4+ 30. Kb3 Qxf3+ 31. Ne3 Rxb7+ 32. Ka3 Qxe3+ 33. Rc3 Qb6 0-1